Historia de la literatura hispanoamericana / (Record no. 28000)

MARC details
000 -CABECERA
campo de control de longitud fija 00786nam a2200229 a 4500
005 - FECHA Y HORA DE LA ÚLTIMA TRANSACCIÓN
campo de control 20210223122023.0
008 - ELEMENTOS DE LONGITUD FIJA--INFORMACIÓN GENERAL
campo de control de longitud fija 991125s1985 mx 000 0 spa u
020 ## - NÚMERO INTERNACIONAL NORMALIZADO PARA LIBROS
Número Internacional Estándar del Libro 968160265X
035 ## - NÚMERO DE CONTROL DEL SISTEMA
Número de control de sistema UPN01000028000
049 ## - COLECCIÓN
Colección CG
050 #4 - SIGNATURA TOPOGRÁFICA DE LA BIBLIOTECA DEL CONGRESO
Número de clasificación PN509
Número de documento/Ítem A5.5 1985
100 1# - ASIENTO PRINCIPAL--NOMBRE PERSONAL
Nombre de persona Anderson Imbert, Enrique,
Fechas asociadas al nombre 1910-2000
9 (RLIN) 28725
245 10 - MENCIÓN DE TÍTULO
Título Historia de la literatura hispanoamericana /
Mención de responsabilidad, etc. Enrique Anderson Imbert.
250 ## - MENCIÓN DE EDICIÓN
Mención de edición 5a ed.
260 ## - PUBLICACIÓN, DISTRIBUCIÓN, ETC.
Lugar de publicación, distribución, etc. México :
Nombre del editor, distribuidor, etc. FCE,
Fecha de publicación, distribución, etc. 1985.
300 ## - DESCRIPCIÓN FÍSICA
Extensión 2 v.
440 #0 - MENCIÓN DE SERIE/ASIENTO SECUNDARIO--TÍTULO
Título Breviarios del Fondo de Cultura Económica ;
Designación de volumen o secuencia 89, 156
500 ## - NOTA GENERAL
Nota general La biblioteca tiene el v.2
505 8# - NOTA DE CONTENIDO CON FORMATO PREESTABLECIDO
Nota de contenido con formato Contenido:
Información miscelánea v.1.
Título La colonia. Cien años de república --
Información miscelánea v.2.
Título Epoca contemporánea
650 #4 - ASIENTO SECUNDARIO DE MATERIA - TERMINO TEMATICO
Término de materia o nombre geográfico como elemento de entrada LITERATURA HISPANOAMERICANA -
Subdivisión general HISTORIA Y CRITICA
9 (RLIN) 7888
905 ## - TIPO DE MATERIAL
Tipo de material Libro
Holdings
Estado de retiro Estado de pérdida Fuente del sistema de clasificación o colocación Estado dañado No para préstamo Código de colección Localización permanente Ubicación/localización actual Ubicación en estantería Enumeración/cronología de publicación seriada Total de préstamos Clasificación Código de barras Fecha visto por última vez Número de copia Tipo de ítem Koha
    Library of Congress Classification     Colección General Bib. Gregorio Torres Quintero Bib. Gregorio Torres Quintero Planta baja v.2 3 PN509 A5.5 1985 155438 31/12/2020 1 Libro